| 000 | 00570nam a2200193 4500 | ||
|---|---|---|---|
| 001 | 26154 | ||
| 005 | 20230410132816.0 | ||
| 008 | 060907n2002 dr spa | ||
| 020 | _a096443119X | ||
| 035 | _9funglode26351 | ||
| 041 | _aEN | ||
| 050 | 1 | 4 | _aQP 341 K84h 2002 |
| 100 | _aKorotkov, Konstantin G. | ||
| 245 | 1 |
_aHuman energy field : _bstudy with GDV bioelectrography / _cKonstantin G. Korotkov |
|
| 260 |
_aNew York : _bBackbone publishing, _c2002 |
||
| 300 | _a348 p. | ||
| 440 | _aScientifie analysis of the human energy field | ||
| 942 |
_2lcc _cbk |
||
| 999 |
_c88124 _d88124 |
||